Kluby 2 Bundesligi w sezonie 2021/22 - Statystyki

Ogólne statystyki
  • Ten quiz został rozwiązany 28 razy
  • Średni wynik to 10 z 18
Statystyki odpowiedzi
Klub % Poprawnych
Schalke
96%
Werder Brema
89%
Hamburger SV
79%
Fortuna Dusseldorf
71%
Hannover
61%
St. Pauli
61%
Holstein Kiel
54%
Paderborn
54%
Darmstadt
50%
Dynamo Drezno
50%
Ingolstadt
50%
Nurnberg
50%
Erzgebirge Aue
46%
Hansa Rostock
46%
Heidenheim
36%
Jahn Regensburg
29%
Karlsruher
29%
Sandhausen
21%
Nie znaleziono quizów pasujących do podanych kryteriów
Rozkład punktacji
Procent ludzi z każdym wynikiem
Percentyl według liczby udzielonych odpowiedzi
Twoja historia wyników
Nie rozwiązałeś tego quizu